000 00192nam a2200085Ia 4500
008 170617s9999 xx 000 0 und d
100 _aGaud- R.s
245 0 _aText book of pharmaceutics
260 _bNirali
260 _c2008
999 _c15699
_d15699